[Event "GX Alekhine Torneio Interno 2024"]
[Site "Lisboa, Portugal"]
[Date "????.??.??"]
[Round "4.3"]
[White "Wang, Minqing"]
[Black "Alves, Luis Miguel Guerreiro"]
[Result "1-0"]
[WhiteElo "1875"]
[BlackElo "1711"]
[PlyCount "73"]

1. d4 {[%emt 0:20:54]} Nf6 {[%emt 0:30:21]} 2. c4 {[%emt 0:00:06]} g6 {[%emt 0:00:12]} 3. g3 {[%emt 0:00:04]} c5 {[%emt 0:00:12]} 4. d5 {[%emt 0:00:26]} d6 {[%emt 0:00:08]} 5. Bg2 {[%emt 0:00:10]} Bg7 {[%emt 0:00:23]} 6. Nc3 {[%emt 0:00:22]} O-O {[%emt 0:00:32]} 7. Nf3 {[%emt 0:00:15]} Bd7 {[%emt 0:00:36]} 8. O-O {[%emt 0:00:06]} Na6 {[%emt 0:00:31]} 9. h3 {[%emt 0:01:31]} Rb8 {[%emt 0:00:10]} 10. a4 {[%emt 0:01:19]} Nc7 {[%emt 0:02:20]} 11. e4 {[%emt 0:00:29]} a6 {[%emt 0:01:20]} 12. e5 {[%emt 0:00:54]} Nfe8 {[%emt 0:00:39]} 13. Re1 {[%emt 0:00:50]} b5 {[%emt 0:02:26]} 14. axb5 {[%emt 0:00:07]} axb5 {[%emt 0:00:01]} 15. cxb5 {[%emt 0:00:27]} Nxb5 {[%emt 0:00:15]} 16. Bf4 {[%emt 0:03:23]} Nxc3 {[%emt 0:04:00]} 17. bxc3 {[%emt 0:00:05]} Qc8 {[%emt 0:01:24]} 18. e6 {[%emt 0:02:51]} fxe6 {[%emt 0:00:22]} 19. dxe6 {[%emt 0:00:08]} Bxe6 {[%emt 0:00:18]} 20. Ng5 {[%emt 0:00:13]} Bf5 {[%emt 0:01:03]} 21. Rxe7 {[%emt 0:00:44]} Nf6 {[%emt 0:04:03]} 22. Bd5+ {[%emt 0:00:07]} Kh8 {[%emt 0:00:08]} 23. Bxd6 {[%emt 0:02:29]} Qd8 {[%emt 0:00:49]} 24. Nf7+ {[%emt 0:01:58]} Rxf7 {[%emt 0:00:02]} 25. Bxf7 {[%emt 0:00:06]} Bf8 {[%emt 0:02:39]} 26. Bxb8 {[%emt 0:01:39]} Qxe7 {[%emt 0:00:23]} 27. Bd5 {[%emt 0:00:36]} Bxh3 {[%emt 0:08:18]} 28. Ra7 {[%emt 0:00:36]} Qe8 {[%emt 0:04:46]} 29. Bf4 {[%emt 0:00:34]} Bg4 {[%emt 0:06:13]} 30. Bf3 {[%emt 0:01:01]} Bh3 {[%emt 0:06:29]} 31. Ra8 {[%emt 0:00:11]} Qf7 {[%emt 0:00:55]} 32. Bh6 {[%emt 0:00:08]} Ne8 {[%emt 0:01:34]} 33. Bxf8 {[%emt 0:00:19]} Qxf8 {[%emt 0:00:02]} 34. Bc6 {[%emt 0:00:13]} Qf6 {[%emt 0:00:47]} 35. Rxe8+ {[%emt 0:00:24]} Kg7 {[%emt 0:00:01]} 36. Bd7 {[%emt 0:01:20]} Qf7 {[%emt 0:00:19]} 37. Rd8 {[%emt 0:03:02]} 1-0

[Event "GX Alekhine Torneio Interno 2024"]
[Site "Lisboa, Portugal"]
[Date "????.??.??"]
[Round "4.2"]
[White "Sousa, Joao Alexandre Coutinho Dinis De"]
[Black "Reis, Pedro Rafael Melo Dos"]
[Result "1-0"]
[WhiteElo "2127"]
[BlackElo "1627"]
[PlyCount "101"]

1. e4 {[%emt 0:12:16]} e6 {[%emt 0:00:24]} 2. d3 {[%emt 0:00:18]} d5 {[%emt 0:00:09]} 3. Nd2 {[%emt 0:00:04]} Nf6 {[%emt 0:00:18]} 4. Ngf3 {[%emt 0:00:11]} Be7 {[%emt 0:00:28]} 5. g3 {[%emt 0:00:21]} O-O {[%emt 0:00:13]} 6. Bg2 {[%emt 0:00:04]} c5 {[%emt 0:00:19]} 7. O-O {[%emt 0:00:07]} Nc6 {[%emt 0:00:06]} 8. Re1 {[%emt 0:00:05]} b5 {[%emt 0:00:59]} 9. e5 {[%emt 0:00:30]} Nd7 {[%emt 0:00:13]} 10. Nf1 {[%emt 0:00:17]} Qc7 {[%emt 0:00:54]} 11. Bf4 {[%emt 0:00:18]} Bb7 {[%emt 0:00:37]} 12. h4 {[%emt 0:00:28]} Rfc8 {[%emt 0:01:02]} 13. h5 {[%emt 0:00:35]} h6 {[%emt 0:00:08]} 14. Ne3 {[%emt 0:08:24]} c4 15. Nxd5 {[%emt 0:04:39]} exd5 {[%emt 0:04:32]} 16. e6 {[%emt 0:00:03]} Bd6 {[%emt 0:00:56]} 17. exd7 {[%emt 0:04:44]} Qxd7 {[%emt 0:00:53]} 18. Bxd6 {[%emt 0:00:07]} Qxd6 {[%emt 0:00:06]} 19. dxc4 {[%emt 0:06:05]} bxc4 {[%emt 0:01:16]} 20. Nh4 {[%emt 0:07:03]} Ne7 {[%emt 0:12:30]} 21. Qd4 {[%emt 0:02:25]} Re8 {[%emt 0:08:47]} 22. Re3 {[%emt 0:10:02]} Qb6 {[%emt 0:05:52]} 23. Rd1 {[%emt 0:07:03]} Qxd4 {[%emt 0:01:06]} 24. Rxd4 {[%emt 0:00:06]} Bc6 {[%emt 0:08:56]} 25. b3 {[%emt 0:04:45]} cxb3 {[%emt 0:02:30]} 26. axb3 {[%emt 0:00:03]} Rac8 {[%emt 0:05:03]} 27. Bh3 {[%emt 0:02:30]} Rc7 {[%emt 0:00:39]} 28. Rc3 {[%emt 0:00:06]} Rb7 {[%emt 0:05:00]} 29. Ng2 {[%emt 0:01:09]} a5 {[%emt 0:04:23]} 30. Ne3 {[%emt 0:00:09]} Ra7 {[%emt 0:02:08]} 31. Bg2 {[%emt 0:03:00]} a4 {[%emt 0:03:29]} 32. bxa4 {[%emt 0:00:24]} Rxa4 {[%emt 0:04:54]} 33. Rxa4 {[%emt 0:00:12]} Bxa4 {[%emt 0:00:06]} 34. Nxd5 {[%emt 0:01:08]} Nc8 {[%emt 0:07:23]} 35. Ne3 {[%emt 0:01:07]} Nb6 {[%emt 0:02:46]} 36. Rc7 {[%emt 0:00:43]} Rc8 {[%emt 0:02:10]} 37. Rxc8+ {[%emt 0:04:51]} Nxc8 {[%emt 0:00:04]} 38. Kf1 {[%emt 0:00:15]} g6 {[%emt 0:02:23]} 39. hxg6 {[%emt 0:01:30]} fxg6 {[%emt 0:00:10]} 40. Ke2 {[%emt 0:00:15]} Kf7 {[%emt 0:01:02]} 41. Kd3 {[%emt 0:00:02]} h5 {[%emt 0:03:14]} 42. Kd4 {[%emt 0:00:02]} Ne7 {[%emt 0:01:18]} 43. Ke5 {[%emt 0:01:02]} g5 {[%emt 0:01:29]} 44. c4 {[%emt 0:01:56]} h4 {[%emt 0:00:33]} 45. c5 {[%emt 0:10:20]} hxg3 {[%emt 0:01:05]} 46. fxg3 {[%emt 0:00:03]} Bd7 {[%emt 0:02:05]} 47. Be4 {[%emt 0:00:15]} Ng6+ {[%emt 0:01:02]} 48. Kd6 {[%emt 0:01:21]} Bc8 {[%emt 0:00:04]} 49. c6 {[%emt 0:02:11]} Kf6 {[%emt 0:00:37]} 50. Nd5+ {[%emt 0:00:14]} Kf7 {[%emt 0:00:23]} 51. Bxg6+ {[%emt 0:01:15]} 1-0

[Event "GX Alekhine Torneio Interno 2024"]
[Site "Lisboa, Portugal"]
[Date "????.??.??"]
[Round "4.1"]
[White "Duque, Raquel Dos Santos"]
[Black "Corentin, Louis"]
[Result "1-0"]
[WhiteElo "1667"]
[BlackElo "2066"]
[PlyCount "59"]

1. c4 {[%emt 0:00:03]} b6 {[%emt 0:13:33]} 2. Nc3 {[%emt 0:00:26]} Bb7 {[%emt 0:00:08]} 3. d4 {[%emt 0:01:03]} e6 {[%emt 0:00:12]} 4. e4 {[%emt 0:04:08]} Bb4 {[%emt 0:01:58]} 5. Bd3 {[%emt 0:02:59]} f5 {[%emt 0:01:10]} 6. d5 {[%emt 0:06:08]} fxe4 {[%emt 0:02:50]} 7. Bxe4 {[%emt 0:00:10]} Nf6 {[%emt 0:00:10]} 8. Bg5 {[%emt 0:04:25]} exd5 {[%emt 0:09:16]} 9. cxd5 {[%emt 0:09:11]} Qe7 {[%emt 0:01:50]} 10. f3 {[%emt 0:00:35]} Qe5 {[%emt 0:17:22]} 11. Bxf6 {[%emt 0:03:55]} Qxf6 {[%emt 0:02:59]} 12. Nge2 {[%emt 0:00:28]} Qg5 {[%emt 0:06:53]} 13. O-O {[%emt 0:06:09]} Qe3+ {[%emt 0:08:26]} 14. Kh1 {[%emt 0:00:30]} O-O {[%emt 0:00:22]} 15. d6 {[%emt 0:09:25]} Bxe4 {[%emt 0:01:00]} 16. Nxe4 {[%emt 0:00:54]} Na6 {[%emt 0:02:09]} 17. Qd5+ {[%emt 0:07:42]} Kh8 {[%emt 0:00:13]} 18. Qc4 {[%emt 0:00:21]} Nc5 {[%emt 0:02:15]} 19. Qxb4 {[%emt 0:07:55]} Qxe2 {[%emt 0:00:07]} 20. dxc7 {[%emt 0:02:00]} a5 {[%emt 0:07:44]} 21. Qd4 {[%emt 0:02:18]} Nxe4 {[%emt 0:05:53]} 22. Qxe4 {[%emt 0:00:08]} Qxe4 {[%emt 0:00:07]} 23. fxe4 {[%emt 0:00:04]} Kg8 {[%emt 0:00:09]} 24. Rfd1 {[%emt 0:01:10]} Rf7 {[%emt 0:00:36]} 25. Rac1 {[%emt 0:03:10]} Rc8 {[%emt 0:00:39]} 26. e5 {[%emt 0:02:45]} Re7 {[%emt 0:02:40]} 27. e6 {[%emt 0:00:20]} Rxe6 {[%emt 0:01:52]} 28. Rxd7 {[%emt 0:00:06]} Kf8 {[%emt 0:01:59]} 29. h3 {[%emt 0:03:54]} Re7 {[%emt 0:01:20]} 30. Rd8+ {[%emt 0:00:05]} 1-0

[Event "GX Alekhine Torneio Interno 2024"]
[Site "Lisboa, Portugal"]
[Date "????.??.??"]
[Round "5.2"]
[White "Corentin, Louis"]
[Black "Goncalves, Diogo Figueiredo"]
[Result "1-0"]
[WhiteElo "2066"]
[BlackElo "1688"]
[PlyCount "57"]

1. f4 {[%emt 0:00:02]} Nh6 {[%emt 0:05:11]} 2. Nf3 {[%emt 0:00:17]} d5 {[%emt 0:00:05]} 3. g3 {[%emt 0:00:07]} Bg4 {[%emt 0:00:15]} 4. Bg2 {[%emt 0:00:27]} e6 {[%emt 0:00:36]} 5. e3 {[%emt 0:07:13]} Nf5 {[%emt 0:02:57]} 6. c4 {[%emt 0:08:23]} c6 {[%emt 0:11:23]} 7. Qb3 {[%emt 0:06:49]} Qc7 {[%emt 0:18:32]} 8. cxd5 {[%emt 0:16:38]} cxd5 {[%emt 0:05:36]} 9. O-O {[%emt 0:02:42]} Nc6 {[%emt 0:05:11]} 10. Nc3 {[%emt 0:01:11]} h5 {[%emt 0:12:49]} 11. Ne5 {[%emt 0:08:04]} Nxe5 {[%emt 0:02:01]} 12. fxe5 {[%emt 0:00:05]} Nh6 {[%emt 0:10:04]} 13. d4 {[%emt 0:02:28]} Be7 {[%emt 0:04:52]} 14. Bd2 {[%emt 0:07:02]} Bf5 {[%emt 0:06:25]} 15. Rac1 {[%emt 0:01:37]} Qd7 {[%emt 0:00:58]} 16. Nb5 {[%emt 0:01:24]} O-O {[%emt 0:02:21]} 17. Rc7 {[%emt 0:01:27]} Qe8 {[%emt 0:01:41]} 18. Rxb7 {[%emt 0:03:06]} Rb8 {[%emt 0:02:08]} 19. Nxa7 {[%emt 0:01:21]} Rxb7 {[%emt 0:01:03]} 20. Qxb7 {[%emt 0:00:07]} h4 {[%emt 0:01:37]} 21. Nc6 {[%emt 0:01:10]} Bg5 {[%emt 0:00:27]} 22. gxh4 {[%emt 0:06:17]} Bxh4 {[%emt 0:00:21]} 23. e4 {[%emt 0:02:41]} dxe4 {[%emt 0:00:35]} 24. d5 {[%emt 0:00:51]} Ng4 {[%emt 0:02:20]} 25. h3 {[%emt 0:04:52]} Nh6 {[%emt 0:02:27]} 26. d6 {[%emt 0:00:39]} Qc8 {[%emt 0:00:39]} 27. Qb5 {[%emt 0:01:18]} Qa8 {[%emt 0:00:57]} 28. a4 {[%emt 0:02:24]} Rc8 {[%emt 0:00:19]} 29. Rc1 {[%emt 0:00:12]} 1-0

[Event "GX Alekhine Torneio Interno 2024"]
[Site "Lisboa, Portugal"]
[Date "????.??.??"]
[Round "5.1"]
[White "Sousa, Joao Alexandre Coutinho Dinis De"]
[Black "Duque, Raquel Dos Santos"]
[Result "1-0"]
[WhiteElo "2127"]
[BlackElo "1667"]
[PlyCount "71"]

1. e4 {[%emt 0:06:26]} c6 {[%emt 0:00:12]} 2. d4 {[%emt 0:00:14]} d5 {[%emt 0:00:06]} 3. Nd2 {[%emt 0:00:06]} dxe4 {[%emt 0:00:17]} 4. Nxe4 {[%emt 0:00:17]} Nf6 {[%emt 0:00:08]} 5. Nxf6+ {[%emt 0:00:19]} exf6 {[%emt 0:00:06]} 6. Bc4 {[%emt 0:00:11]} Bd6 {[%emt 0:02:04]} 7. Qe2+ {[%emt 0:00:16]} Qe7 {[%emt 0:00:24]} 8. Qxe7+ {[%emt 0:01:11]} Bxe7 {[%emt 0:00:08]} 9. Bf4 {[%emt 0:01:25]} Bg4 {[%emt 0:01:50]} 10. Ne2 {[%emt 0:04:32]} Nd7 {[%emt 0:01:52]} 11. Ng3 {[%emt 0:06:33]} Nb6 {[%emt 0:03:29]} 12. Bb3 {[%emt 0:07:47]} Rd8 {[%emt 0:03:00]} 13. h3 {[%emt 0:00:55]} Bc8 {[%emt 0:02:18]} 14. O-O-O {[%emt 0:00:28]} Nd5 {[%emt 0:03:21]} 15. Bd2 {[%emt 0:00:34]} O-O {[%emt 0:00:19]} 16. c4 {[%emt 0:11:22]} Nb4 {[%emt 0:13:55]} 17. Be3 {[%emt 0:04:19]} b5 {[%emt 0:06:19]} 18. cxb5 {[%emt 0:00:31]} cxb5 {[%emt 0:00:06]} 19. d5 {[%emt 0:10:12]} Bb7 {[%emt 0:11:36]} 20. Nf5 {[%emt 0:01:39]} Rfe8 {[%emt 0:00:27]} 21. Bxa7 {[%emt 0:21:39]} Nxd5 {[%emt 0:02:17]} 22. Rhe1 {[%emt 0:01:34]} g6 {[%emt 0:20:04]} 23. Nxe7+ {[%emt 0:00:56]} Rxe7 {[%emt 0:00:09]} 24. Rxe7 {[%emt 0:05:09]} Rc8+ {[%emt 0:00:06]} 25. Kb1 {[%emt 0:02:19]} Nxe7 {[%emt 0:00:09]} 26. f3 {[%emt 0:00:05]} Bc6 {[%emt 0:03:54]} 27. Bd4 {[%emt 0:02:06]} Kg7 {[%emt 0:01:30]} 28. Bc3 {[%emt 0:01:14]} Nf5 {[%emt 0:00:59]} 29. g4 {[%emt 0:04:10]} Ne3 {[%emt 0:08:33]} 30. Rd3 {[%emt 0:01:02]} Nc4 {[%emt 0:02:30]} 31. g5 {[%emt 0:02:08]} Ne5 {[%emt 0:06:30]} 32. gxf6+ {[%emt 0:00:07]} Kxf6 {[%emt 0:00:15]} 33. Re3 {[%emt 0:00:57]} Re8 {[%emt 0:00:14]} 34. f4 {[%emt 0:00:02]} Kf5 {[%emt 0:00:07]} 35. Bxe5 {[%emt 0:02:04]} Rd8 {[%emt 0:00:11]} 36. Bc2+ {[%emt 0:00:13]} 1-0

[Event "GX Alekhine Torneio Interno 2024"]
[Site "Lisboa, Portugal"]
[Date "????.??.??"]
[Round "5.4"]
[White "Silva, Lourenco Santa Clara Rebelo Da"]
[Black "Costa, Goncalo Martins Paulo da Costa"]
[Result "1-0"]
[WhiteElo "1747"]
[BlackElo "1764"]
[PlyCount "48"]

1. e4 {[%emt 0:00:03]} c6 {[%emt 0:00:05]} 2. d4 {[%emt 0:00:06]} d5 {[%emt 0:00:05]} 3. Nc3 {[%emt 0:00:04]} dxe4 {[%emt 0:00:09]} 4. Nxe4 {[%emt 0:00:05]} Nf6 {[%emt 0:00:07]} 5. Nxf6+ {[%emt 0:00:05]} exf6 {[%emt 0:00:10]} 6. c3 {[%emt 0:00:05]} Bd6 {[%emt 0:00:17]} 7. Bd3 {[%emt 0:00:05]} O-O {[%emt 0:00:21]} 8. Qc2 {[%emt 0:00:04]} Re8+ {[%emt 0:00:12]} 9. Be3 {[%emt 0:00:06]} h5 {[%emt 0:00:54]} 10. O-O-O {[%emt 0:00:06]} Be6 {[%emt 0:00:16]} 11. Ne2 {[%emt 0:01:19]} Nd7 {[%emt 0:03:57]} 12. Kb1 {[%emt 0:03:08]} Nf8 {[%emt 0:01:48]} 13. h3 b5 14. Rhg1 Qc7 {[%emt 0:11:27]} 15. g4 Bh2 16. gxh5 Bxg1 17. Rxg1 Bc4 18. Bh6 Ne6 19. Bxg7 Nxg7 20. h6 Bxd3 21. Rxg7+ Kf8 22. Qxd3 Qe7 23. Rg8+ Kxg8 24. Qg3+ Kf8 {[%emt 1:29:37]} 1-0

[Event "GX Alekhine Torneio Interno 2024"]
[Site "Lisboa, Portugal"]
[Date "????.??.??"]
[Round "6.2"]
[White "Reis, Pedro Rafael Melo Dos"]
[Black "Duque, Raquel Dos Santos"]
[Result "0-1"]
[WhiteElo "1627"]
[BlackElo "1667"]
[PlyCount "92"]

1. d4 {[%emt 0:00:09]} Nf6 {[%emt 0:00:06]} 2. c4 {[%emt 0:00:09]} g6 {[%emt 0:00:10]} 3. g3 {[%emt 0:00:07]} Bg7 {[%emt 0:00:47]} 4. Bg2 {[%emt 0:00:14]} d6 {[%emt 0:00:27]} 5. Nc3 {[%emt 0:00:15]} O-O {[%emt 0:00:24]} 6. h3 {[%emt 0:00:25]} c5 {[%emt 0:00:28]} 7. e3 {[%emt 0:02:23]} Nbd7 {[%emt 0:03:40]} 8. Nge2 {[%emt 0:02:29]} Rb8 {[%emt 0:02:14]} 9. O-O {[%emt 0:03:57]} a6 {[%emt 0:05:41]} 10. a4 {[%emt 0:05:15]} Qc7 {[%emt 0:05:24]} 11. b3 {[%emt 0:03:01]} b6 {[%emt 0:01:38]} 12. Bb2 {[%emt 0:17:54]} Bb7 {[%emt 0:00:13]} 13. Bxb7 {[%emt 0:01:51]} Rxb7 {[%emt 0:02:55]} 14. Qd2 {[%emt 0:07:00]} Rd8 {[%emt 0:03:18]} 15. Rad1 {[%emt 0:05:33]} Nb8 {[%emt 0:05:32]} 16. d5 {[%emt 0:07:12]} e6 {[%emt 0:06:47]} 17. e4 {[%emt 0:04:59]} Qc8 {[%emt 0:05:05]} 18. Qc2 {[%emt 0:03:12]} exd5 {[%emt 0:02:14]} 19. Nxd5 {[%emt 0:01:59]} Nxd5 {[%emt 0:00:19]} 20. Rxd5 {[%emt 0:01:20]} Bxb2 {[%emt 0:01:03]} 21. Qxb2 {[%emt 0:00:13]} Qxh3 {[%emt 0:08:59]} 22. Qf6 {[%emt 0:01:59]} Rbd7 {[%emt 0:00:05]} 23. Nf4 {[%emt 0:08:39]} Qg4 {[%emt 0:00:50]} 24. Rfd1 {[%emt 0:01:29]} Nc6 {[%emt 0:00:39]} 25. Rxd6 {[%emt 0:01:29]} Nd4 {[%emt 0:00:12]} 26. Qxd8+ {[%emt 0:00:57]} Rxd8 {[%emt 0:00:05]} 27. Rxd8+ {[%emt 0:00:04]} Kg7 {[%emt 0:00:06]} 28. Rd3 {[%emt 0:01:04]} g5 {[%emt 0:01:30]} 29. Nd5 {[%emt 0:03:04]} Qxe4 {[%emt 0:00:47]} 30. Rg8+ {[%emt 0:01:55]} Kh6 {[%emt 0:00:06]} 31. Nf6 {[%emt 0:03:37]} Qf5 {[%emt 0:07:35]} 32. Rxd4 {[%emt 0:03:46]} cxd4 {[%emt 0:00:55]} 33. Nd5 {[%emt 0:00:06]} Qb1+ {[%emt 0:03:19]} 34. Kg2 {[%emt 0:00:45]} Qxb3 {[%emt 0:03:10]} 35. Nf6 {[%emt 0:00:48]} Qd1 {[%emt 0:00:07]} 36. Rb8 {[%emt 0:01:49]} Kg7 {[%emt 0:04:53]} 37. Rxb6 {[%emt 0:00:32]} Qxa4 {[%emt 0:00:10]} 38. Rd6 {[%emt 0:00:31]} Qxc4 {[%emt 0:01:10]} 39. Ne8+ {[%emt 0:01:38]} Kf8 {[%emt 0:00:21]} 40. Rd8 {[%emt 0:00:16]} Ke7 {[%emt 0:01:49]} 41. Rb8 {[%emt 0:00:12]} Qc6+ {[%emt 0:00:11]} 42. Kf1 {[%emt 0:00:05]} Qxe8 {[%emt 0:00:14]} 43. Rxe8+ {[%emt 0:00:06]} Kxe8 {[%emt 0:00:10]} 44. Ke2 Ke7 {[%emt 0:00:18]} 45. Kd3 {[%emt 0:00:04]} Ke6 {[%emt 0:00:13]} 46. Kxd4 {[%emt 0:00:05]} h5 {[%emt 0:00:22]} 0-1

[Event "GX Alekhine Torneio Interno 2024"]
[Site "Lisboa, Portugal"]
[Date "????.??.??"]
[Round "6.3"]
[White "Kakaie, Arman"]
[Black "Corentin, Louis"]
[Result "*"]
[WhiteElo "1756"]
[BlackElo "2066"]
[PlyCount "111"]

1. d4 {[%emt 0:00:08]} d6 {[%emt 0:05:24]} 2. f4 {[%emt 0:03:16]} f5 {[%emt 0:08:12]} 3. e3 {[%emt 0:01:05]} Nf6 {[%emt 0:00:12]} 4. Nf3 {[%emt 0:00:56]} g6 {[%emt 0:00:42]} 5. Bd3 {[%emt 0:02:18]} Bg7 {[%emt 0:00:47]} 6. O-O {[%emt 0:01:11]} O-O {[%emt 0:05:06]} 7. c3 {[%emt 0:15:37]} Nc6 {[%emt 0:02:43]} 8. Bc4+ {[%emt 0:06:30]} e6 {[%emt 0:00:11]} 9. b4 {[%emt 0:06:50]} Qe7 {[%emt 0:01:07]} 10. Ba3 {[%emt 0:08:19]} a6 {[%emt 0:05:21]} 11. b5 {[%emt 0:11:33]} axb5 {[%emt 0:00:55]} 12. Bxb5 {[%emt 0:01:04]} h6 {[%emt 0:06:12]} 13. Qc1 {[%emt 0:08:46]} Bd7 {[%emt 0:02:45]} 14. Nbd2 {[%emt 0:02:18]} g5 {[%emt 0:00:14]} 15. Rb1 {[%emt 0:07:49]} Ra5 {[%emt 0:09:14]} 16. Nc4 {[%emt 0:03:46]} Ra7 {[%emt 0:01:50]} 17. fxg5 {[%emt 0:00:49]} hxg5 {[%emt 0:02:41]} 18. Nce5 {[%emt 0:03:32]} Rfa8 {[%emt 0:08:11]} 19. Bxc6 {[%emt 0:01:26]} Bxc6 {[%emt 0:07:23]} 20. Nxc6 {[%emt 0:00:27]} bxc6 {[%emt 0:00:05]} 21. Rb3 {[%emt 0:01:30]} g4 {[%emt 0:01:36]} 22. Ne5 {[%emt 0:01:07]} Qe8 {[%emt 0:01:10]} 23. Nd3 {[%emt 0:00:11]} Bh6 {[%emt 0:01:47]} 24. Re1 {[%emt 0:02:16]} Nd5 {[%emt 0:05:42]} 25. c4 {[%emt 0:01:28]} Nxe3 {[%emt 0:03:04]} 26. Nf2 {[%emt 0:02:47]} f4 {[%emt 0:03:03]} 27. Bb4 {[%emt 0:00:52]} g3 {[%emt 0:01:40]} 28. hxg3 {[%emt 0:00:44]} fxg3 {[%emt 0:00:10]} 29. Ne4 {[%emt 0:01:21]} Nf5 {[%emt 0:04:07]} 30. Qxh6 {[%emt 0:01:35]} Nxh6 {[%emt 0:00:08]} 31. Nf6+ {[%emt 0:00:04]} Kf7 {[%emt 0:00:10]} 32. Nxe8 {[%emt 0:00:08]} Rxe8 {[%emt 0:00:30]} 33. Rxg3 {[%emt 0:00:38]} Rxa2 34. Rf1+ {[%emt 0:02:32]} Nf5 {[%emt 0:00:14]} 35. d5 {[%emt 0:00:57]} Ke7 {[%emt 0:07:42]} 36. Rh3 {[%emt 0:02:15]} Rg8 {[%emt 0:00:44]} 37. Rh7+ {[%emt 0:00:31]} Kd8 {[%emt 0:00:40]} 38. Rf2 {[%emt 0:00:18]} Ra1+ {[%emt 0:00:07]} 39. Kh2 {[%emt 0:00:17]} Ng3 {[%emt 0:01:06]} 40. Rf8+ Rxf8 {[%emt 0:00:06]} 41. Kxg3 {[%emt 0:00:07]} exd5 {[%emt 0:00:18]} 42. c5 {[%emt 0:00:27]} Rg8+ {[%emt 0:00:36]} 43. Kf3 {[%emt 0:00:08]} Ra4 {[%emt 0:00:11]} 44. Bd2 {[%emt 0:00:43]} Ra3+ {[%emt 0:00:16]} 45. Kf4 {[%emt 0:01:48]} Rxg2 {[%emt 0:00:38]} 46. Bc1 {[%emt 0:00:34]} Ra4+ {[%emt 0:00:11]} 47. Kf3 {[%emt 0:00:15]} Rc2 {[%emt 0:00:41]} 48. Bg5+ {[%emt 0:00:52]} Kc8 {[%emt 0:00:12]} 49. cxd6 {[%emt 0:00:15]} Rc3+ {[%emt 0:00:26]} 50. Ke2 {[%emt 0:00:30]} cxd6 {[%emt 0:00:16]} 51. Bd2 {[%emt 0:00:39]} Ra2 {[%emt 0:00:31]} 52. Ke1 {[%emt 0:00:17]} Rg3 {[%emt 0:00:13]} 53. Rh1 {[%emt 0:00:46]} Rg2 {[%emt 0:00:14]} 54. Bc1 {[%emt 0:00:10]} d4 {[%emt 0:00:22]} 55. Kd1 {[%emt 0:00:26]} d3 {[%emt 0:00:13]} 56. Ke1 {[%emt 0:01:40]} *

[Event "GX Alekhine Torneio Interno 2024"]
[Site "Lisboa, Portugal"]
[Date "????.??.??"]
[Round "6.1"]
[White "Silva, Lourenco Santa Clara Rebelo Da"]
[Black "Sousa, Joao Alexandre Coutinho Dinis De"]
[Result "1-0"]
[WhiteElo "1747"]
[BlackElo "2127"]
[PlyCount "109"]

1. e4 {[%emt 0:00:07]} c5 {[%emt 0:00:33]} 2. Nf3 {[%emt 0:00:06]} Nc6 {[%emt 0:00:03]} 3. d4 {[%emt 0:00:05]} cxd4 {[%emt 0:00:16]} 4. Nxd4 {[%emt 0:00:05]} g6 {[%emt 0:00:03]} 5. c4 {[%emt 0:00:06]} Nf6 {[%emt 0:00:30]} 6. Nc3 {[%emt 0:00:05]} d6 {[%emt 0:00:05]} 7. f3 {[%emt 0:00:04]} Nxd4 {[%emt 0:00:06]} 8. Qxd4 {[%emt 0:00:05]} Bg7 {[%emt 0:00:11]} 9. Be3 {[%emt 0:00:05]} O-O {[%emt 0:00:08]} 10. Qd2 {[%emt 0:00:26]} Be6 {[%emt 0:00:08]} 11. Rc1 {[%emt 0:00:05]} Qa5 {[%emt 0:01:15]} 12. b3 {[%emt 0:00:42]} Rfc8 {[%emt 0:00:36]} 13. Bd3 {[%emt 0:00:09]} a6 {[%emt 0:01:52]} 14. Nd5 {[%emt 0:00:05]} Qxd2+ {[%emt 0:00:35]} 15. Kxd2 {[%emt 0:00:05]} Nxd5 {[%emt 0:04:15]} 16. exd5 {[%emt 0:00:07]} Bd7 {[%emt 0:00:18]} 17. a4 {[%emt 0:00:06]} Bb2 {[%emt 0:24:45]} 18. Rb1 {[%emt 0:00:26]} Bg7 {[%emt 0:10:31]} 19. Rhc1 {[%emt 0:00:43]} a5 {[%emt 0:01:40]} 20. g4 {[%emt 0:10:58]} f5 {[%emt 0:06:36]} 21. gxf5 {[%emt 0:09:43]} gxf5 {[%emt 0:10:00]} 22. Rg1 {[%emt 0:08:49]} Kf7 {[%emt 0:02:39]} 23. Rbe1 {[%emt 0:03:40]} Bf6 {[%emt 0:02:05]} 24. Bb6 {[%emt 0:07:50]} Be5 {[%emt 0:03:27]} 25. Re2 {[%emt 0:15:27]} Rg8 {[%emt 0:01:22]} 26. Rxg8 {[%emt 0:09:56]} Rxg8 {[%emt 0:00:37]} 27. Bxa5 {[%emt 0:02:00]} e6 {[%emt 0:00:51]} 28. dxe6+ {[%emt 0:08:04]} Bxe6 {[%emt 0:00:02]} 29. Bc3 {[%emt 0:00:24]} Kf6 {[%emt 0:03:33]} 30. Bxe5+ {[%emt 0:01:06]} dxe5 {[%emt 0:00:02]} 31. Kc3 {[%emt 0:00:30]} Rg1 {[%emt 0:00:35]} 32. Rd2 {[%emt 0:02:55]} Kg5 {[%emt 0:00:51]} 33. a5 {[%emt 0:02:57]} Kf4 {[%emt 0:00:37]} 34. Be2 {[%emt 0:03:17]} Ke3 {[%emt 0:02:51]} 35. Rd6 {[%emt 0:01:38]} Bc8 {[%emt 0:00:16]} 36. Bd1 {[%emt 0:01:50]} f4 {[%emt 0:03:42]} 37. c5 {[%emt 0:02:27]} Bf5 {[%emt 0:00:52]} 38. Rd5 {[%emt 0:01:19]} e4 {[%emt 0:03:34]} 39. Rxf5 {[%emt 0:02:34]} Rxd1 {[%emt 0:00:28]} 40. fxe4 {[%emt 0:00:11]} Rd7 {[%emt 0:08:11]} 41. e5 {[%emt 0:00:35]} Re7 {[%emt 0:01:02]} 42. b4 {[%emt 0:01:52]} f3 {[%emt 0:00:13]} 43. Kc4 {[%emt 0:05:10]} Ke4 {[%emt 0:01:29]} 44. Rf8 {[%emt 0:02:10]} Rxe5 {[%emt 0:00:06]} 45. c6 {[%emt 0:00:53]} bxc6 {[%emt 0:00:15]} 46. a6 {[%emt 0:00:05]} Re7 {[%emt 0:02:19]} 47. Kc5 {[%emt 0:00:25]} Ke3 {[%emt 0:04:21]} 48. Kxc6 {[%emt 0:00:40]} f2 {[%emt 0:00:01]} 49. Kd6 {[%emt 0:00:54]} Ra7 {[%emt 0:00:57]} 50. b5 {[%emt 0:00:05]} h5 {[%emt 0:00:30]} 51. Kc6 {[%emt 0:00:13]} h4 {[%emt 0:02:05]} 52. Kb6 {[%emt 0:00:12]} Rd7 {[%emt 0:00:23]} 53. a7 {[%emt 0:00:52]} Rxa7 {[%emt 0:00:27]} 54. Kxa7 {[%emt 0:00:10]} Ke2 {[%emt 0:00:06]} 55. b6 {[%emt 0:00:08]} 1-0